| 000 | 01000nam a22002537a 4500 | ||
|---|---|---|---|
| 005 | 20170123164157.0 | ||
| 010 | _aA-978217 | ||
| 020 | _c140.00 | ||
| 035 | _aA-978217 | ||
| 037 | _bCen Lib/Ret | ||
| 040 |
_aDPL _bPN |
||
| 082 |
_a910 .4 _bਹੁੰਦਲ |
||
| 100 |
_aਹੁੰਦਲ,ਹਰਭਜਨ ਸਿੰਘ _94285 |
||
| 245 |
_aਕੰਧ ਉਰਲੋ ਪ੍ਰਦੇਸ / _cਹਰਭਜਨ ਸਿੰਘ ਹੁੰਦਲ |
||
| 246 |
_aKandh ohele pardes : travelogue / _bby Harbhajan Singh Hundal |
||
| 260 |
_a ਦਿੱਲੀ _bਮਨਪ੍ਰੀਤ ਪ੍ਰਕਾਸ਼ਨ _c1999 |
||
| 270 |
_a16/16, 1st floor , ਗੀਤਾ ਕਾਲੋਨੀ _b ਦਿੱਲੀ _e110031 |
||
| 300 |
_a152p ; _c20cm |
||
| 650 |
_a ਭਾਰਤ ਨੂੰ -- ਵੇਰਵਾ ਅਤੇ ਯਾਤਰਾ _9131564 |
||
| 650 |
_aਯਾਤਰਾ _9131565 |
||
| 650 |
_aIndia -- Description and travel _926587 |
||
| 650 |
_a travel _925007 |
||
| 942 |
_2ddc _cPN _h910.4 _mਹੁੰਦਲ |
||
| 999 |
_c110784 _d110784 |
||